000 00595nam a2200205Ii 4500
001 6927
003 CO-ViMGA
008 241108s9999||||xx |||||||||||||| ||und||
040 _aCO-ViMGA
_bspa
_erda
_cCO-ViMGA
041 0 _aunk
082 0 4 _a880-N44
100 1 _aWilhelm Nestle
_957269
245 1 0 _aHistoria de la literatura griega
264 1 _a[Lugar de publicación no identificado] : Labor, 1951
300 _avolumen
336 _atext
_btxt
_2rdacontent
337 _aunmediated
_bn
_2rdamedia
338 _avolume
_bnc
_2rdacarrier
940 _aidficha_siabuc: 6769. -- ficha_no_siabuc:6927
999 _c55616
_d55616